| 000 | 01138nas a2200361 4500 | ||
|---|---|---|---|
| 001 | BR2012003436 | ||
| 003 | BR-BrBNA | ||
| 005 | 20231205120545.0 | ||
| 007 | ta | ||
| 008 | 230509b bl.|||p| |||| 00| 00por d | ||
| 040 |
_aBR-BrBNA _bpor _cBiblioteca Nacional de Agricultura |
||
| 041 | _a(Pt) | ||
| 072 | _aF63 | ||
| 100 | 1 | _aVarassin, I.G. | |
| 100 | 1 | _aXimenes, B.M.S. | |
| 100 | 1 | _aMoreira, P.A. | |
| 100 | 1 | _aZanon, M.M.F. | |
| 100 | 1 | _aElbl, P. | |
| 100 | 1 | _aLöwenberg-Neto, P. | |
| 100 | 1 | _aMelo, G.A.R. | |
| 245 | 1 | _aProdução de néctar e visitas por abelhas em duas espécies cultivadas de Passiflora L. (Passifloraceae) | |
| 246 | 1 | _aNectar production and bee visits in two cultivated species of Passiflora L. (Passifloraceae) | |
| 650 | _aMARACUJÁ | ||
| 650 | _aREPRODUÇÃO VEGETAL | ||
| 650 | _aPOLINIZAÇÃO | ||
| 650 | _aINSETO POLINIZADOR | ||
| 650 | _aABELHA | ||
| 650 | _aPOLEN | ||
| 650 | _aNÉCTAR | ||
| 773 | 0 |
_tActa Botanica Brasilica (Brazil) _xISSN 0102-3306 _g(Jan-Mar 2012), v. 26(1) p. 251-255 _wBR2012003436 |
|
| 909 |
_a202311 _bLúcia _c55 _dLúcia Elande |
||
| 942 |
_2AGRIS _n0 _cANA |
||
| 999 |
_c219121 _d219121 |
||